000 01103 a2200181 4500
003 Nust
005 20170207153236.0
040 _cNust
082 _a621.3815
100 _aKendall Webster Sessions
245 _aMaster Hnadbook of 1001 practical electronic circuits
_cedited Kendall Webster Sessions
250 _a1st ed.
260 _aLondon
_bTab Books
_c1975
300 _a602p
505 _aAlarms, Sensors And Triggering Circuits (Page-9), Audio Conditioning Circuits (Page-27), Audio Amplifiers (Page-45), Automotive Circuits (Page-69), Filters (Page-83), Logic Circuits, Counters, Clocks (Page-103), Power Supplies, Voltage Multipliers (Page-165), Receivers, RF Preamps And Converters (Page-197), Regulators (Page-257), RF Generators And Waveshapers (Page-273), RF Power Amplifiers (Page-297), Test Equipments (Page-309), Control And Tone Circuits, Cors, Repeater Circuits (Page-393), Timers (Page-425), Transmitters, Transceivers, Exciters, Vfos (Page-433), Battery Charges (Page-467), Diode Circuits (Page-471).
538 _aAlmirah No.34 Shelf No.4
650 _aTelecommunication engineering
942 _2ddc
_cBK
999 _c182197
_d182197